German NBA Players - Sudden Death - Statistics

General Stats
  • This quiz has been taken 141 times
  • The average score is 5 of 8
Answers on the Grid
Answers color-coded by a green-red scale on the quiz's grid according to % correct below.
Kevin Huerter
Dirk Nowitzki
John Brown
P.J. Tucker
Austin Reaves
Max Strus
Shawn Bradley
Tyrese Haliburton
Detlef Schrempf
Dennis Schroder
Kyle Korver
Moe Wagner
Ariel Hukporti
Mike Muscala
Franz Wagner
 
Answer Stats
Answer % Correct
Dirk Nowitzki
100%
Dennis Schroder
85%
Franz Wagner
82%
Moe Wagner
78%
Detlef Schrempf
65%
Ariel Hukporti
41%
Shawn Bradley
26%
John Brown
10%
No matching quizzes found
Score Distribution
Percent of People with Each Score
Percentile by Number Answered
Your Score History
You have not taken this quiz